Hooke 2003 (Record no. 106916)
[ view plain ]
| 000 -LEADER | |
|---|---|
| fixed length control field | 00846cam a22001935a 4500 |
| 001 - CONTROL NUMBER | |
| control field | L137887 |
| 008 - FIXED-LENGTH DATA ELEMENTS--GENERAL INFORMATION | |
| fixed length control field | 070503s2003 xxkaho f 011 0deng d |
| 035 ## - SYSTEM CONTROL NUMBER | |
| System control number | (Sirsi) u137887 |
| 041 0# - LANGUAGE CODE | |
| Language code of text/sound track or separate title | eng |
| 050 04 - LIBRARY OF CONGRESS CALL NUMBER | |
| Classification number | F920 $2 18 |
| 111 2# - MAIN ENTRY--MEETING NAME | |
| Meeting name or jurisdiction name as entry element | Hooke 2003 |
| 245 00 - TITLE STATEMENT | |
| Title | Hooke 2003 |
| Remainder of title | papers presented at a conference to mark the tercentenary of the death of Robert Hooke (1635-1703) |
| 260 ## - PUBLICATION, DISTRIBUTION, ETC. | |
| Place of publication, distribution, etc. | London |
| Name of publisher, distributor, etc. | The Royal Society |
| Date of publication, distribution, etc. | 2003 |
| 300 ## - PHYSICAL DESCRIPTION | |
| Extent | iii, 263p. |
| Other physical details | ill. |
| Dimensions | 30cm. |
| 520 ## - SUMMARY, ETC. | |
| Summary, etc. | Papers discuss Hooke's legacy in a number of fields. These include physics, astronomy, mechanics and engineering, evolutionary theory and architecture. Other perspectives presented include biographical information, his influence on Westminster, and a description of his library. |
| 600 14 - SUBJECT ADDED ENTRY--PERSONAL NAME | |
| Personal name | Hooke, Robert |
| Titles and other words associated with a name | 1635-1703 |
| 651 #4 - SUBJECT ADDED ENTRY--GEOGRAPHIC NAME | |
| Geographic name | England and Wales |
| Chronological subdivision | 1543- |
| 942 ## - ADDED ENTRY ELEMENTS (KOHA) | |
| Suppress in OPAC | 0 |
| Withdrawn status | Lost status | Source of classification or shelving scheme | Damaged status | Not for loan | Home library | Current library | Shelving location | Date acquired | Total Checkouts | Full call number | Barcode | Date last seen | Copy number | Price effective from | Koha item type |
|---|---|---|---|---|---|---|---|---|---|---|---|---|---|---|---|
| Dewey Decimal Classification | London | London | Books | 03/05/2007 | F920 HOO | 30071988 | 06/08/2019 | 1 | 06/08/2019 | Book |